Los cuatro amigos (Registro nro. 3554)

Detalles MARC
000 -CABECERA
Longitud fija campo de control 01025nam a2200301Ia 4500
005 - • FECHA Y HORA DE LA ÚLTIMA TRANSACCIÓN
Fecha y hora de la última transacción 20220317000248.0
008 - • CÓDIGOS DE INFORMACIÓN DE LONGITUD FIJA
Códigos de información de longitud fija 141031s9999 ck 000 0 spa d
020 ## - • NÚMERO INTERNACIONAL NORMALIZADO PARA LIBROS
Número Internacional Normalizado para Libros (ISBN) 9788492608300
040 ## - FUENTE DE LA CATALOGACIÓN
Centro catalogador de origen CO-BoRNBP
Lengua de catalogación spa
Normas de descripción rda
Centro transcriptor CO-BoRNBP
084 ## - • Clasificación Local Alfanúmerica PNLB
Número de clasificación C GRI1
100 1# - • PUNTO DE ACCESO PRINCIPAL-NOMBRE DE PERSONA
Nombre de persona Grimm, Jacob,
Fechas asociadas al nombre 1785-1863
245 14 - • TITULO PROPIAMENTE DICHO
Título Los cuatro amigos
Mención de responsabilidad, etc. J y W Grimm ; ilustraciones Gabriel Pacheco ; traducción Marc Taeger
250 ## - • MENCIÓN DE EDICIÓN
Mención de edición 1a edición
264 ## - PRODUCCIÓN, PUBLICACIÓN , DISTRIBUCIÓN, FABRICACIÓN Y COPYRIGHT
Lugar de producción, publicación, distribución, fabricación Sevilla
Nombre del productor, editor, distribuidor, fabricante Kalandraka
Fecha de de producción, publicación, distribución, fabricación o copyright 2010
300 ## - • DESCRIPCIÓN FÍSICA
Extensión [28] páginas sin enumerar
Otras características físicas ilustraciones
Dimensiones 23 cm.
336 ## - TIPO DE CONTENIDO
Término de tipo de contenido texto
Código de tipo de contenido txt
Fuente rdacontent
337 ## - TIPO DE MEDIO
Nombre del tipo de medio sin mediación
Código del tipo de medio n
Fuente rdamedia
338 ## - TIPO DE SOPORTE
Nombre del tipo de soporte volumen
Código del tipo de soporte nc
Fuente rdacarrier
534 ## - • Nota De Versión Original
Título Die bremer stadtmusikanten
650 14 - • PUNTO DE ACCESO ADICIONAL DE MATERIA - TÉRMINO DE MATERIA
Fuente del encabezamiento o término LEMB
Término de materia o nombre geográfico como elemento inicial Cuentos infantiles alemanes
650 14 - • PUNTO DE ACCESO ADICIONAL DE MATERIA - TÉRMINO DE MATERIA
Fuente del encabezamiento o término LEMB
Término de materia o nombre geográfico como elemento inicial Animales
Subdivisión de forma Cuento
650 14 - • PUNTO DE ACCESO ADICIONAL DE MATERIA - TÉRMINO DE MATERIA
Fuente del encabezamiento o término LEMB
Término de materia o nombre geográfico como elemento inicial Amistad
Subdivisión de forma Cuento
650 14 - • PUNTO DE ACCESO ADICIONAL DE MATERIA - TÉRMINO DE MATERIA
Fuente del encabezamiento o término LEMB
Término de materia o nombre geográfico como elemento inicial Ladrones
Subdivisión de forma Cuento
700 1# - • PUNTO DE ACCESO ADICIONAL - NOMBRE DE PERSONA
Nombre de persona Grimm, Wilhelm Karl,
Fechas asociadas al nombre 1786-1859
700 1# - • PUNTO DE ACCESO ADICIONAL - NOMBRE DE PERSONA
Nombre de persona Pacheco, Gabriel
Término indicativo de función ilustrador
700 1# - • PUNTO DE ACCESO ADICIONAL - NOMBRE DE PERSONA
Nombre de persona Taeger, Marc,
Fechas asociadas al nombre 1963-
Término indicativo de función traductor
942 ## - ENTRADA DE ELEMENTOS AGREGADOS (KOHA)
Fuente de clasificaión o esquema
Koha [por defecto] tipo de item Libro Infantil

No hay ítems disponibles.










Instituto Departamental de Cultura del Meta - Red Departamental de Bibliotecas Públicas del Meta.